Harry Potter Characters with Colors in their Name - Statistics

General Stats
  • This quiz has been taken 600 times
  • The average score is 3 of 9
Answer Stats
Hint Character % Correct
A Gryffindor from a Slytherin-family Sirius Black
93%
Has been (presumably fatally) attacked by ^ Lavender Brown
43%
She is transparent. The Grey Lady
27%
Evil but not a death eater Fenrir Greyback
26%
He enjoys acid pops. Albus Dumbledore
25%
Spent about two months in Azkaban Rubeus Hagrid
25%
Unsung hero that Harry never met in person Regulus Arcturus Black
20%
He lives in two places at once. Phineas Nigellus Black
12%
Only appeared in the last chapter of the last book Albus Severus Potter
9%
No matching quizzes found
Score Distribution
Percent of People with Each Score
Percentile by Number Answered
Your Score History
You have not taken this quiz